00277nam a2200121Ia 45000030006000000080041000060400015000471000021000622450021000832600022001045460012001260050017001380STCL150530s9999 xx 000 0 und d aSTCLcSTCL aSimon Harold, J. aMicrobes and men bMcgraw hillc1963 aEnglish20220125170451.0